European Capitals With The Shortest Names - Statistics

General Stats
  • This quiz has been taken 246 times
  • The average score is 7 of 9
Answer Stats
N.of letters Capital % Correct
Rome
92%
Oslo
86%
Paris
80%
4 letters Bern
76%
Riga
75%
Kiev
66%
5 letters Minsk
62%
Sofia
60%
Vaduz
53%
No matching quizzes found
Score Distribution
Percent of People with Each Score
Percentile by Number Answered
Your Score History
You have not taken this quiz